[Event "España ch Sub-16 2008"]
[Site "Padron ESP"]
[Date "2008.07.24"]
[Round "7.46"]
[White "Fernandez Arroyo, Cesar"]
[Black "Galan Martin, Alejandro"]
[Result "0-1"]
[WhiteElo "1685"]
[BlackElo "1925"]
[PlyCount "80"]
[EventDate "2008.07.20"]
[EventType "swiss"]
[EventRounds "9"]
[EventCountry "ESP"]
[Source "lmi"]
[SourceDate "2008.07.20"]

1. e4 e6 2. d3 d5 3. Nd2 c5 4. g3 Nf6 5. Bg2 Nc6 6. Ngf3 Be7 7. O-O b6 8. c3
Bb7 9. Re1 Qc7 10. e5 Nd7 11. d4 O-O-O 12. a3 Rdg8 13. b4 c4 14. h3 g5 15. Nh2
h5 16. Bf3 g4 17. hxg4 h4 18. Ndf1 Qd8 19. Bf4 Nf8 20. gxh4 Bxh4 21. Re3 Ng6
22. Bg3 Bg5 23. Re1 Qf8 24. Bg2 Qh6 25. Qc2 Nce7 26. b5 Nf4 27. a4 Neg6 28. a5
Rg7 29. axb6 axb6 30. Ra7 Rgh7 31. Rea1 Nxg2 32. Qa2 f6 33. Rxb7 Rxb7 34. Qa8+
Kc7 35. Qa3 Qf8 36. exf6+ N2f4 37. Nf3 Qxa3 38. Rxa3 Bxf6 39. g5 Be7 40. Ra1
Bd6 0-1

[Event "España ch Sub-16 2008"]
[Site "Padron ESP"]
[Date "2008.07.24"]
[Round "7.47"]
[White "Escudeiro Tilve, Ramon"]
[Black "Aguirre Alvarez, Marina"]
[Result "0-1"]
[WhiteElo "1925"]
[BlackElo "1636"]
[PlyCount "84"]
[EventDate "2008.07.20"]
[EventType "swiss"]
[EventRounds "9"]
[EventCountry "ESP"]
[Source "lmi"]
[SourceDate "2008.07.20"]

1. e4 e5 2. Nf3 Nc6 3. d4 exd4 4. Bc4 Nf6 5. e5 d5 6. Bb5 Ne4 7. Nxd4 Bd7 8.
Bxc6 bxc6 9. O-O Bc5 10. f3 Ng5 11. f4 Ne6 12. c3 f5 13. Be3 O-O 14. Nd2 Bc8
15. Qe2 Bb6 16. Nxc6 Qd7 17. Nd4 c5 18. Nxe6 Qxe6 19. Nb3 Qc6 20. Qf2 Ba6 21.
Rfd1 Rac8 22. a4 Bc4 23. Nd2 Bd3 24. a5 Bd8 25. Nb3 c4 26. Nc5 Qb5 27. Nxd3
cxd3 28. Bxa7 Bxa5 29. Qd4 Rf7 30. Rxd3 Rxa7 31. Rxa5 Rxa5 32. b4 Ra3 33. e6
Qc4 34. Qxc4 dxc4 35. Rd4 Rxc3 36. e7 Re8 37. Rd5 Rxe7 38. Rxf5 Rc2 39. h3 Ree2
40. Rg5 h6 41. Rg3 Rb2 42. Kf1 Rec2 0-1

[Event "España ch Sub-16 2008"]
[Site "Padron ESP"]
[Date "2008.07.24"]
[Round "7.48"]
[White "Alsina Lopez, Adolfo"]
[Black "Remoli Sargues, Lidia"]
[Result "1-0"]
[WhiteElo "1599"]
[BlackElo "1924"]
[PlyCount "42"]
[EventDate "2008.07.20"]
[EventType "swiss"]
[EventRounds "9"]
[EventCountry "ESP"]
[Source "lmi"]
[SourceDate "2008.07.20"]

1. d4 Nf6 2. c4 e6 3. Nc3 Bb4 4. Qc2 O-O 5. Bg5 h6 6. Bh4 c5 7. Nf3 Nc6 8. e3
cxd4 9. exd4 d5 10. a3 Be7 11. Rd1 dxc4 12. Bxc4 Nd5 13. Bxe7 Ncxe7 14. O-O b6
15. Rfe1 Bb7 16. Nxd5 Nxd5 17. Qe2 Nf4 18. Qe3 Qf6 19. Qe5 Rac8 20. Bb3 Nh3+
21. Kh1 Qxf3 1-0

[Event "España ch Sub-16 2008"]
[Site "Padron ESP"]
[Date "2008.07.24"]
[Round "7.52"]
[White "Bautista Mendez, Jose Antonio"]
[Black "Lorenzo Serrano, Henar"]
[Result "0-1"]
[WhiteElo "1908"]
[BlackElo "1745"]
[PlyCount "64"]
[EventDate "2008.07.20"]
[EventType "swiss"]
[EventRounds "9"]
[EventCountry "ESP"]
[Source "lmi"]
[SourceDate "2008.07.20"]

1. d4 d5 2. c4 e5 3. Nc3 Bb4 4. cxd5 Bxc3+ 5. bxc3 Qxd5 6. Nf3 exd4 7. Qxd4
Qxd4 8. cxd4 Nc6 9. Bf4 Nb4 10. Kd2 Nf6 11. Bg3 Ne4+ 12. Kc1 Be6 13. a3 Na2+
14. Kc2 c5 15. e3 Rc8 16. Kb2 Nac3 17. a4 Rc6 18. Bb5 Nxb5 19. axb5 Rb6 20.
Rxa7 Rxb5+ 21. Ka3 O-O 22. dxc5 Nc3 23. Nd4 Nb1+ 24. Ka4 Rb2 25. Ka5 Rc8 26.
Nb5 Nd2 27. Rxb7 Ra8+ 28. Kb6 Nc4+ 29. Kc6 Na5+ 30. Kc7 Nxb7 31. Kxb7 Rc8 32.
Kb6 Bd7 0-1

[Event "España ch Sub-16 2008"]
[Site "Padron ESP"]
[Date "2008.07.24"]
[Round "7.53"]
[White "Carballo Noya, Miguel"]
[Black "Porras Mateo, Alejandra"]
[Result "0-1"]
[WhiteElo "1726"]
[BlackElo "1905"]
[PlyCount "48"]
[EventDate "2008.07.20"]
[EventType "swiss"]
[EventRounds "9"]
[EventCountry "ESP"]
[Source "lmi"]
[SourceDate "2008.07.20"]

1. e4 e6 2. d4 d5 3. e5 c5 4. c3 Qb6 5. Nf3 Nc6 6. a3 Bd7 7. b4 cxd4 8. cxd4
Rc8 9. Bb2 Nh6 10. Nc3 Nf5 11. Na4 Qd8 12. Nc3 Be7 13. Rc1 f6 14. Bd3 Nh6 15.
Qe2 fxe5 16. dxe5 O-O 17. h4 Kh8 18. Kd2 Be8 19. g4 Nxg4 20. Rcg1 Bh5 21. Rg3
Ngxe5 22. Rhg1 Nxf3+ 23. Kc1 Ncd4 24. Kb1 Bf6 0-1

[Event "España ch Sub-16 2008"]
[Site "Padron ESP"]
[Date "2008.07.24"]
[Round "7.54"]
[White "Fuertes Romo, Jose Manuel"]
[Black "Sacristan Latorre, Alberto"]
[Result "0-1"]
[WhiteElo "1723"]
[BlackElo "1870"]
[PlyCount "70"]
[EventDate "2008.07.20"]
[EventType "swiss"]
[EventRounds "9"]
[EventCountry "ESP"]
[Source "lmi"]
[SourceDate "2008.07.20"]

1. e4 c5 2. c3 d5 3. exd5 Qxd5 4. d4 cxd4 5. cxd4 Nc6 6. Nf3 Bg4 7. Be2 Nf6 8.
Nc3 Qd7 9. d5 Bxf3 10. gxf3 Nxd5 11. Qxd5 Qh3 12. Bb5 Rc8 13. Qe4 Qg2 14. f4
Qh3 15. Bd2 a6 16. Bf1 Qd7 17. Rd1 g6 18. Nd5 Qf5 19. Qxf5 gxf5 20. Bc3 Rg8 21.
Bh3 Bg7 22. Bxf5 e6 23. Nb6 Rc7 24. Bxh7 Bxc3+ 25. bxc3 Rg4 26. Bd3 Rxf4 27.
Nc4 b5 28. Nd6+ Ke7 29. Ne4 Ne5 30. Ke2 f5 31. Ng3 Rxc3 32. Rhf1 Rb4 33. Bb1 f4
34. Ne4 Rb2+ 35. Rd2 f3+ 0-1

[Event "España ch Sub-16 2008"]
[Site "Padron ESP"]
[Date "2008.07.24"]
[Round "7.55"]
[White "Anaya Lopez, Gonzalo Javier"]
[Black "Martinez Gonzalez, Francisco"]
[Result "1-0"]
[WhiteElo "1851"]
[BlackElo "1721"]
[PlyCount "93"]
[EventDate "2008.07.20"]
[EventType "swiss"]
[EventRounds "9"]
[EventCountry "ESP"]
[Source "lmi"]
[SourceDate "2008.07.20"]

1. e4 e6 2. d4 d5 3. Nc3 dxe4 4. Nxe4 Bd7 5. Nf3 Bc6 6. Ng3 Nf6 7. c3 Bd6 8.
Bd3 Nbd7 9. Bd2 O-O 10. O-O b6 11. Qc2 Bb7 12. Ng5 h6 13. N5e4 Be7 14. Rad1 c5
15. dxc5 bxc5 16. Bf4 Qb6 17. Bd6 Bxd6 18. Nxd6 Ne5 19. Nxb7 Nxd3 20. Rxd3 Qxb7
21. Rfd1 Nd5 22. Ne4 Rab8 23. b3 Qe7 24. Qd2 Rb7 25. c4 Nf6 26. Nxf6+ Qxf6 27.
Rd8 Qe7 28. g3 Rb8 29. Rd7 Qf6 30. Rxa7 Qf3 31. Qd3 Qh5 32. Rd7 Qg5 33. h4 Qf6
34. Qd6 Ra8 35. Qxc5 Rxa2 36. Qxf8+ Kxf8 37. Rd8+ Qxd8 38. Rxd8+ Ke7 39. Rb8
Ra7 40. c5 Kd7 41. b4 Kc6 42. Rb6+ Kc7 43. Kg2 Ra3 44. b5 Rc3 45. Ra6 Kb7 46.
c6+ Kb8 47. Rb6+ 1-0

[Event "España ch Sub-16 2008"]
[Site "Padron ESP"]
[Date "2008.07.24"]
[Round "7.56"]
[White "Molinero Gomez, Sandra"]
[Black "Lopez Garralon, Miguel"]
[Result "1-0"]
[WhiteElo "1849"]
[BlackElo "1693"]
[PlyCount "49"]
[EventDate "2008.07.20"]
[EventType "swiss"]
[EventRounds "9"]
[EventCountry "ESP"]
[Source "lmi"]
[SourceDate "2008.07.20"]

1. e4 b6 2. d4 Bb7 3. Nc3 e6 4. Bc4 Bb4 5. d5 Nf6 6. Bg5 h6 7. Bd2 O-O 8. Nge2
Bxc3 9. Nxc3 exd5 10. exd5 d6 11. Qf3 Nbd7 12. Qg3 Re8+ 13. Kd1 Nh5 14. Qh3
Ndf6 15. g4 Bc8 16. f3 g5 17. Bd3 Kg7 18. Qg2 Nf4 19. Bxf4 gxf4 20. g5 Nh7 21.
gxh6+ Kxh6 22. Rg1 Qg5 23. Qf2 Qh5 24. Qd4 Qxf3+ 25. Be2 1-0

[Event "España ch Sub-16 2008"]
[Site "Padron ESP"]
[Date "2008.07.24"]
[Round "7.57"]
[White "Silva Rodriguez, Julio"]
[Black "Pedreira Giralda, Francisco"]
[Result "0-1"]
[WhiteElo "1837"]
[BlackElo "1608"]
[PlyCount "68"]
[EventDate "2008.07.20"]
[EventType "swiss"]
[EventRounds "9"]
[EventCountry "ESP"]
[Source "lmi"]
[SourceDate "2008.07.20"]

1. e4 Nf6 2. Nc3 d5 3. exd5 Nxd5 4. Bc4 c6 5. Qf3 Nf6 6. h3 Nbd7 7. Ne4 Ne5 8.
Nxf6+ exf6 9. Qe3 Be7 10. Bb3 O-O 11. d4 Ng6 12. Nf3 Bb4+ 13. Kd1 Re8 14. Qd3
Qe7 15. c3 Bf5 16. Qd2 Ba5 17. Re1 Qd7 18. Bc2 Rxe1+ 19. Kxe1 Re8+ 20. Kf1 Bxh3
21. Ng1 Bf5 22. Bxf5 Qxf5 23. f3 c5 24. Ne2 cxd4 25. Nxd4 Qh5 26. b3 Qh1+ 27.
Kf2 Nh4 28. Kg3 Bc7+ 29. f4 g5 30. Qf2 Bxf4+ 31. Bxf4 gxf4+ 32. Qxf4 Qxa1 33.
Kxh4 Qe1+ 34. Kh3 Qe3+ 0-1

[Event "España ch Sub-16 2008"]
[Site "Padron ESP"]
[Date "2008.07.24"]
[Round "7.58"]
[White "Gonzalez Carro, Victor"]
[Black "Salido Polo, Veronica"]
[Result "0-1"]
[WhiteElo "1656"]
[BlackElo "1835"]
[PlyCount "46"]
[EventDate "2008.07.20"]
[EventType "swiss"]
[EventRounds "9"]
[EventCountry "ESP"]
[Source "lmi"]
[SourceDate "2008.07.20"]

1. e4 c5 2. Nf3 Nc6 3. d4 cxd4 4. Nxd4 e5 5. Nb5 a6 6. Nd6+ Bxd6 7. Qxd6 Qf6 8.
Qd1 Qg6 9. Nc3 Nge7 10. h4 h5 11. Bg5 f6 12. Be3 f5 13. exf5 Nxf5 14. Nd5 O-O
15. Bc4 Kh8 16. Qd2 b5 17. Bd3 Qxg2 18. O-O-O Qxd5 19. Qe2 Qf7 20. Rdg1 g6 21.
Rg5 d5 22. Bxf5 Bxf5 23. Bc5 Rfe8 0-1

[Event "España ch Sub-16 2008"]
[Site "Padron ESP"]
[Date "2008.07.24"]
[Round "7.63"]
[White "Pareja Alvarez, Diego"]
[Black "Rey Malde, Henrique"]
[Result "1/2-1/2"]
[WhiteElo "1876"]
[BlackElo "1568"]
[PlyCount "74"]
[EventDate "2008.07.20"]
[EventType "swiss"]
[EventRounds "9"]
[EventCountry "ESP"]
[Source "lmi"]
[SourceDate "2008.07.20"]

1. e4 e6 2. d4 d5 3. Nc3 Nf6 4. e5 Nfd7 5. f4 c5 6. Nf3 Nc6 7. Be3 a6 8. Qd2 b5
9. g4 b4 10. Nd1 c4 11. c3 a5 12. Bh3 Nb6 13. O-O Be7 14. f5 f6 15. Qc2 Rb8 16.
Bf4 Rb7 17. Re1 O-O 18. Ne3 fxe5 19. Bxe5 Nxe5 20. Nxe5 Qc7 21. Ng2 exf5 22.
gxf5 Bd6 23. Nf3 Qf7 24. Ngh4 Be7 25. Bg4 Bxh4 26. Nxh4 Qf6 27. Qf2 g5 28. Ng2
Bxf5 29. Bxf5 Qxf5 30. Qg3 h6 31. Rf1 Qd7 32. Rxf8+ Kxf8 33. Qe5 Kg8 34. Rf1
Qe7 35. Qf5 Qf7 36. Qe5 Qe7 37. Qf5 Qf7 1/2-1/2

[Event "España ch Sub-16 2008"]
[Site "Padron ESP"]
[Date "2008.07.24"]
[Round "7.72"]
[White "Larrosa Villanueva, Uxia"]
[Black "Montans Lopez, Adrian"]
[Result "1/2-1/2"]
[WhiteElo "1603"]
[PlyCount "87"]
[EventDate "2008.07.20"]
[EventType "swiss"]
[EventRounds "9"]
[EventCountry "ESP"]
[Source "lmi"]
[SourceDate "2008.07.20"]
[BlackElo "1357"]

1. d4 d5 2. Nf3 Bg4 3. Bf4 e6 4. Nbd2 c5 5. c3 Nc6 6. h3 Bh5 7. g4 Bg6 8. e3
cxd4 9. exd4 Bd6 10. Bg3 Bxg3 11. fxg3 Nf6 12. Nh4 Be4 13. Nxe4 Nxe4 14. Qf3
Qc7 15. Rg1 g5 16. Ng2 Qxg3+ 17. Qxg3 Nxg3 18. Bd3 h5 19. Ne3 h4 20. O-O-O
O-O-O 21. Nf1 Nxf1 22. Rdxf1 Rd7 23. Rf6 Nd8 24. Kd2 a6 25. a4 Rc7 26. Re1 Kd7
27. Ref1 Ke7 28. R1f2 Kf8 29. Rf1 Kg7 30. b3 Re7 31. R6f2 Nc6 32. Re2 Nb8 33.
Re5 f6 34. Re2 Nc6 35. Ref2 Rh6 36. Re1 Kf7 37. Rfe2 e5 38. dxe5 Rxe5 39. Rf1
Rxe2+ 40. Bxe2 Rh8 41. Bf3 Rd8 42. Kc2 b5 43. Rd1 Ne7 44. axb5 1/2-1/2

[Event "España ch Sub-16 2008"]
[Site "Padron ESP"]
[Date "2008.07.24"]
[Round "8.1"]
[White "Pardo Simon, David"]
[Black "Alonso Rosell, Alvar"]
[Result "1/2-1/2"]
[PlyCount "86"]
[EventDate "2008.07.20"]
[EventType "swiss"]
[EventRounds "9"]
[EventCountry "ESP"]
[Source "lmi"]
[SourceDate "2008.07.20"]
[WhiteElo "2204"]
[BlackElo "2393"]

1. e4 c5 2. Nf3 d6 3. d4 cxd4 4. Qxd4 Nc6 5. Bb5 Bd7 6. Bxc6 Bxc6 7. Nc3 Nf6 8.
Bg5 e6 9. O-O-O Be7 10. Rhe1 O-O 11. Qd2 Qc7 12. Nd4 Rfc8 13. Kb1 b5 14. f3 b4
15. Nce2 a5 16. g4 a4 17. Rc1 Ra5 18. h4 Rc5 19. Be3 Nd7 20. Nxc6 Rxc6 21. Nd4
Rb6 22. h5 Ne5 23. b3 Ra8 24. Rg1 Qb7 25. Rg2 Rba6 26. Qd1 Ra5 27. Qf1 Qc8 28.
Qe1 Qb7 29. Qf1 g6 30. hxg6 hxg6 31. Rh2 axb3 32. cxb3 Nxg4 33. fxg4 Qxe4+ 34.
Nc2 Rxa2 35. Bd4 e5 36. Qh3 Bf6 37. Bb2 Qd5 38. g5 Bg7 39. Nxb4 Qe4+ 40. Rcc2
Qe1+ 41. Rc1 Qe4+ 42. Rcc2 Qe1+ 43. Rc1 Qe4+ 1/2-1/2

[Event "España ch Sub-16 2008"]
[Site "Padron ESP"]
[Date "2008.07.24"]
[Round "8.2"]
[White "Espinosa Aranda, Angel"]
[Black "Martin Fuentes, Alberto"]
[Result "1/2-1/2"]
[PlyCount "113"]
[EventDate "2008.07.20"]
[EventType "swiss"]
[EventRounds "9"]
[EventCountry "ESP"]
[Source "lmi"]
[SourceDate "2008.07.20"]
[WhiteElo "2313"]
[BlackElo "2124"]

1. d4 Nf6 2. c4 e5 3. dxe5 Ng4 4. e3 Nxe5 5. Nh3 Bb4+ 6. Bd2 Bxd2+ 7. Qxd2 d6
8. Nf4 Be6 9. b3 Nbd7 10. Be2 a5 11. Nc3 Nc5 12. O-O O-O 13. Rad1 Qd7 14. e4 f5
15. Nxe6 Qxe6 16. exf5 Qxf5 17. Qd5+ Kh8 18. f4 Nc6 19. Qxf5 Rxf5 20. Nd5 Rf7
21. Rf3 Nb4 22. a3 Nxd5 23. Rxd5 Re8 24. Kf2 Rfe7 25. Bd1 b6 26. h3 Ne4+ 27.
Kf1 Nc5 28. Rd2 Re1+ 29. Kf2 Rh1 30. Bc2 Rhe1 31. f5 R1e7 32. Rf4 Re3 33. Rf3
R3e7 34. g4 h6 35. f6 gxf6 36. Rxf6 Re6 37. Rxe6 Rxe6 38. h4 Kg7 39. Kf3 Rf6+
40. Kg3 Re6 41. Kf4 Rf6+ 42. Ke3 Re6+ 43. Kd4 Re5 44. b4 axb4 45. axb4 Na6 46.
b5 Nc5 47. h5 Ne6+ 48. Kc3 Re3+ 49. Rd3 Rxd3+ 50. Bxd3 Kf6 51. Bf5 Nd8 52. Kd4
Nf7 53. Kd5 Ne5 54. Bc8 Kg5 55. Be6 Kf6 56. Bf5 Ke7 57. Bc8 1/2-1/2

[Event "España ch Sub-16 2008"]
[Site "Padron ESP"]
[Date "2008.07.24"]
[Round "8.3"]
[White "Hernandez Munoz, Antonio"]
[Black "Herrera Delgado, Alejandro"]
[Result "0-1"]
[PlyCount "126"]
[EventDate "2008.07.20"]
[EventType "swiss"]
[EventRounds "9"]
[EventCountry "ESP"]
[Source "lmi"]
[SourceDate "2008.07.20"]
[WhiteElo "2044"]
[BlackElo "2204"]

1. e4 c5 2. Nf3 Nf6 3. Nc3 d5 4. exd5 Nxd5 5. d4 Nxc3 6. bxc3 g6 7. Bb5+ Bd7 8.
Qe2 cxd4 9. Bxd7+ Qxd7 10. cxd4 Bg7 11. O-O Nc6 12. Rd1 O-O 13. Be3 Rfd8 14.
Qb5 Ne5 15. Qe2 Nxf3+ 16. Qxf3 Rac8 17. Rac1 Rc4 18. c3 Qd5 19. Qxd5 Rxd5 20.
Kf1 Kf8 21. Ke2 b5 22. f4 e6 23. Kd3 Ke8 24. Rb1 Bf8 25. Rxb5 Rxc3+ 26. Kxc3
Rxb5 27. Kd3 Kd7 28. Rc1 Bd6 29. h3 Ra5 30. Rc2 Ra3+ 31. Ke2 Bc7 32. Bc1 Ra4
33. Kd3 Bb6 34. Be3 Ra3+ 35. Ke2 Kd6 36. Rd2 Kd5 37. Kf3 h5 38. g3 Rc3 39. g4
hxg4+ 40. hxg4 f6 41. Kf2 a5 42. Re2 Rd3 43. Rd2 Ke4 44. Re2 Kd5 45. Rd2 Rc3
46. Re2 Rc4 47. Bd2 Bxd4+ 48. Kf3 a4 49. Ba5 e5 50. fxe5 fxe5 51. Be1 Rc1 52.
Bh4 Rc3+ 53. Kg2 e4 54. Bg5 Rf3 55. Rc2 Rf7 56. Rc8 Rf2+ 57. Kg3 Rxa2 58. Rg8
Be5+ 59. Bf4 Ra3+ 60. Kh4 Bxf4 61. Rxg6 e3 62. Rf6 e2 63. Rxf4 e1=Q+ 0-1

[Event "España ch Sub-16 2008"]
[Site "Padron ESP"]
[Date "2008.07.24"]
[Round "8.4"]
[White "Fernandez Garcia, Jose Miguel"]
[Black "Montañes Arribas, Adrian"]
[Result "1-0"]
[PlyCount "59"]
[EventDate "2008.07.20"]
[EventType "swiss"]
[EventRounds "9"]
[EventCountry "ESP"]
[Source "lmi"]
[SourceDate "2008.07.20"]
[WhiteElo "2135"]
[BlackElo "2034"]

1. e4 c5 2. Nf3 d6 3. d4 cxd4 4. Nxd4 Nf6 5. Nc3 a6 6. Bc4 e6 7. Bb3 Nbd7 8.
Bg5 Qa5 9. Qd2 Be7 10. O-O-O Nc5 11. Rhe1 O-O 12. Kb1 Qc7 13. f4 h6 14. Bxf6
Bxf6 15. g4 b5 16. h4 Be7 17. g5 h5 18. f5 g6 19. a3 Nxb3 20. cxb3 Re8 21. Rf1
Qb6 22. Rf3 Bd7 23. Rdf1 Rf8 24. Qd3 Kh7 25. fxg6+ Kxg6 26. Nf5 Qd8 27. Nxe7+
Qxe7 28. e5+ Kg7 29. exd6 Qd8 30. Qd4+ 1-0

[Event "España ch Sub-16 2008"]
[Site "Padron ESP"]
[Date "2008.07.24"]
[Round "8.5"]
[White "Moral Garcia, Serafin"]
[Black "Antolin Concha, Diego"]
[Result "1/2-1/2"]
[PlyCount "78"]
[EventDate "2008.07.20"]
[EventType "swiss"]
[EventRounds "9"]
[EventCountry "ESP"]
[Source "lmi"]
[SourceDate "2008.07.20"]
[WhiteElo "1948"]
[BlackElo "2115"]

1. e4 c5 2. Nf3 d6 3. d4 cxd4 4. Nxd4 Nf6 5. Nc3 a6 6. Be3 e5 7. Nb3 Be7 8. f3
Be6 9. Qd2 O-O 10. O-O-O Nbd7 11. g4 b5 12. g5 b4 13. gxf6 bxc3 14. Qxc3 Nxf6
15. Na5 Qd7 16. Nc6 Rfc8 17. Nxe7+ Qxe7 18. Qa5 Qb7 19. Bd3 d5 20. Rhg1 Kh8 21.
Kb1 d4 22. Bc1 Nd7 23. f4 f6 24. Qd2 Nc5 25. fxe5 fxe5 26. Qg5 Qc7 27. Rd2 Rab8
28. Rdg2 Rg8 29. Qh5 Na4 30. Ka1 Nc3 31. a3 Qa5 32. b3 Bxb3 33. Rxg7 Rxg7 34.
Rxg7 Bg8 35. Rxg8+ Rxg8 36. Qf5 Kg7 37. Bc4 Rf8 38. Bh6+ Kxh6 39. Qxf8+ Kg6
1/2-1/2

[Event "España ch Sub-16 2008"]
[Site "Padron ESP"]
[Date "2008.07.24"]
[Round "8.6"]
[White "Chueca Forcen, Alberto"]
[Black "Arribas Lopez, Angel"]
[Result "0-1"]
[PlyCount "98"]
[EventDate "2008.07.20"]
[EventType "swiss"]
[EventRounds "9"]
[EventCountry "ESP"]
[Source "lmi"]
[SourceDate "2008.07.20"]
[WhiteElo "2254"]
[BlackElo "2332"]

1. d4 Nf6 2. Bg5 e6 3. e4 h6 4. Bxf6 Qxf6 5. Nc3 Bb4 6. Qd2 d6 7. Nf3 e5 8. a3
exd4 9. axb4 dxc3 10. Qxc3 Qxc3+ 11. bxc3 O-O 12. Kd2 Rd8 13. c4 a5 14. Bd3 Nc6
15. Rhb1 b6 16. b5 Nb8 17. Nd4 Nd7 18. Nf5 Re8 19. Ne3 Bb7 20. f3 g6 21. Re1
Kg7 22. Kc3 Rec8 23. Red1 Kf8 24. Bf1 Re8 25. Re1 Nc5 26. g3 Re7 27. Bh3 Rae8
28. Kd4 Bxe4 29. Nd5 Bxd5 30. Rxe7 Rxe7 31. Kxd5 Ke8 32. Kc6 Kd8 33. f4 Re2 34.
f5 g5 35. Bg4 Rxh2 36. Re1 Nd7 37. Be2 Ne5+ 38. Kb7 f6 39. Bd1 a4 40. Re3 Rd2
41. Bh5 Rxc2 42. Re1 a3 43. Rh1 a2 44. Bg6 Rxc4 45. Rxh6 a1=Q 46. Rh8+ Ke7 47.
Rh7+ Kf8 48. Rh8+ Kg7 49. Rh7+ Kg8 0-1

[Event "España ch Sub-16 2008"]
[Site "Padron ESP"]
[Date "2008.07.24"]
[Round "8.7"]
[White "Pintor Munoz, Antonio"]
[Black "Coll Ortega, Jordi"]
[Result "1/2-1/2"]
[PlyCount "74"]
[EventDate "2008.07.20"]
[EventType "swiss"]
[EventRounds "9"]
[EventCountry "ESP"]
[Source "lmi"]
[SourceDate "2008.07.20"]
[WhiteElo "2076"]
[BlackElo "2206"]

1. d4 Nf6 2. c4 e6 3. Nc3 Bb4 4. e3 b6 5. Nge2 Ba6 6. a3 Be7 7. Nf4 d5 8. b3
O-O 9. Be2 c6 10. O-O Nbd7 11. Bb2 Bd6 12. Rc1 Qe7 13. c5 Bxf4 14. Bxa6 Nb8 15.
Bd3 Bc7 16. cxb6 axb6 17. f4 Bd6 18. b4 c5 19. Na4 cxb4 20. Nxb6 bxa3 21. Nxa8
axb2 22. Rb1 Qb7 23. Rf2 Qxa8 24. Rfxb2 Nbd7 25. Qc2 g6 26. Ra2 Qc8 27. Ra6
Qxc2 28. Bxc2 Rc8 29. Ba4 Bf8 30. Ra7 Nb8 31. h3 Ne4 32. Ra8 Bd6 33. Rb7 h5 34.
h4 Kg7 35. Raa7 Rf8 36. Be8 Rxe8 37. Rxf7+ Kg8 1/2-1/2

[Event "España ch Sub-16 2008"]
[Site "Padron ESP"]
[Date "2008.07.24"]
[Round "8.8"]
[White "Gil Quilez, David"]
[Black "Adan Bermudez, Sergio"]
[Result "1/2-1/2"]
[PlyCount "105"]
[EventDate "2008.07.20"]
[EventType "swiss"]
[EventRounds "9"]
[EventCountry "ESP"]
[Source "lmi"]
[SourceDate "2008.07.20"]
[WhiteElo "2031"]
[BlackElo "2205"]

1. e4 c5 2. Nf3 b6 3. d4 cxd4 4. Nxd4 Bb7 5. Nc3 a6 6. Bg5 Qc7 7. Qd2 e6 8.
O-O-O Bb4 9. f3 Bxc3 10. Qxc3 Qxc3 11. bxc3 Nc6 12. Be3 Nce7 13. c4 d6 14. Ne2
Nc8 15. Nc3 Nf6 16. g4 Nd7 17. Bd4 Rg8 18. h4 Nc5 19. Bg2 Ne7 20. Rd2 O-O-O 21.
Rhd1 Ng6 22. h5 Ne5 23. Bxe5 dxe5 24. Rxd8+ Rxd8 25. Rxd8+ Kxd8 26. Kd2 Ke7 27.
Ke3 Kf6 28. f4 h6 29. Bf3 g6 30. Ne2 gxh5 31. gxh5 Nd7 32. Nc1 exf4+ 33. Kxf4
e5+ 34. Ke3 Kg5 35. Nd3 f5 36. exf5 Bxf3 37. Kxf3 Kxf5 38. Nb4 a5 39. Nc6 e4+
40. Ke3 Nc5 41. Ne7+ Kg5 42. Nd5 Kxh5 43. Nxb6 Kg4 44. Nd5 h5 45. Nf6+ Kg5 46.
Nxe4+ Nxe4 47. Kxe4 Kf6 48. Kf4 Ke6 49. Kg5 Kd6 50. Kxh5 Kc5 51. Kg4 Kxc4 52.
Kf3 Kc3 53. Ke2 1/2-1/2

[Event "España ch Sub-16 2008"]
[Site "Padron ESP"]
[Date "2008.07.24"]
[Round "8.9"]
[White "Forcen Esteban, Daniel"]
[Black "Navarro Diaz, Carles"]
[Result "1/2-1/2"]
[PlyCount "113"]
[EventDate "2008.07.20"]
[EventType "swiss"]
[EventRounds "9"]
[EventCountry "ESP"]
[Source "lmi"]
[SourceDate "2008.07.20"]
[WhiteElo "2200"]
[BlackElo "2020"]

1. e4 e5 2. Nf3 Nf6 3. Nxe5 Nxe4 4. Qe2 Qe7 5. Qxe4 d6 6. d4 dxe5 7. dxe5 Nc6
8. Nc3 Qxe5 9. Qxe5+ Nxe5 10. Bf4 Bd6 11. Bg3 Bf5 12. O-O-O O-O-O 13. Nb5 a6
14. Nxd6+ cxd6 15. Be2 f6 16. Rd2 Kc7 17. Rhd1 Rhe8 18. h3 Be4 19. f3 Bc6 20.
h4 h5 21. b3 b5 22. Bf1 a5 23. Rd4 b4 24. Kb2 Rd7 25. Be1 Rb8 26. c3 Bb5 27.
Bxb5 Rxb5 28. cxb4 Nc6 29. Rc4 axb4 30. Rdc1 Rc5 31. Rxc5 dxc5 32. Rxc5 Kb7 33.
Rc4 Re7 34. Re4 Rxe4 35. fxe4 Kb6 36. Kc2 Kc5 37. Bf2+ Kb5 38. Kd3 Ne5+ 39. Kd4
Nc6+ 40. Kd5 Ne5 41. Be3 Nd3 42. g3 Ne5 43. Bf4 Nf3 44. Ke6 g5 45. Bd6 gxh4 46.
gxh4 Nxh4 47. Kxf6 Nf3 48. e5 Kc6 49. Bxb4 h4 50. e6 h3 51. e7 Kd7 52. Bd6 Ke8
53. a4 Nd2 54. Kf5 Nxb3 55. Kg4 h2 56. Bxh2 Kxe7 57. Kf5 1/2-1/2

[Event "España ch Sub-16 2008"]
[Site "Padron ESP"]
[Date "2008.07.24"]
[Round "8.10"]
[White "Gago Padreny, Ignacio"]
[Black "Anaya Lopez, Victor Jose"]
[Result "1/2-1/2"]
[PlyCount "87"]
[EventDate "2008.07.20"]
[EventType "swiss"]
[EventRounds "9"]
[EventCountry "ESP"]
[Source "lmi"]
[SourceDate "2008.07.20"]
[WhiteElo "2169"]
[BlackElo "2046"]

1. d4 d5 2. Nf3 Nf6 3. c4 c6 4. Nc3 e6 5. Bg5 dxc4 6. e4 b5 7. e5 h6 8. Bh4 g5
9. Nxg5 hxg5 10. Bxg5 Nbd7 11. g3 Bb7 12. Bg2 Qb6 13. exf6 O-O-O 14. O-O c5 15.
d5 b4 16. Rb1 Qa6 17. dxe6 Bxg2 18. e7 Bxe7 19. fxe7 Rdg8 20. Kxg2 Rxg5 21. Qf3
bxc3 22. Qa8+ Nb8 23. Rfe1 Re8 24. f4 Rg6 25. Kg1 c2 26. Rbc1 Re6 27. Qd5 Qd6
28. Qxd6 Rxd6 29. Rxc2 Kd7 30. Rxc4 Na6 31. Rce4 Re6 32. Rxe6 fxe6 33. Re4 Nc7
34. h4 Kxe7 35. h5 Nd5 36. Ra4 Kf6 37. Rxa7 Rh8 38. Ra5 Rxh5 39. Rxc5 Nxf4 40.
Rxh5 Nxh5 41. Kf2 Ke5 42. a4 Nf6 43. a5 Ne4+ 44. Ke3 1/2-1/2

[Event "España ch Sub-16 2008"]
[Site "Padron ESP"]
[Date "2008.07.24"]
[Round "8.11"]
[White "Garcia Molina, Francisco Miguel"]
[Black "Silva Rodriguez, Fernando"]
[Result "1/2-1/2"]
[PlyCount "148"]
[EventDate "2008.07.20"]
[EventType "swiss"]
[EventRounds "9"]
[EventCountry "ESP"]
[Source "lmi"]
[SourceDate "2008.07.20"]
[WhiteElo "2144"]
[BlackElo "1890"]

1. e4 e5 2. Nf3 Nc6 3. Bb5 a6 4. Ba4 d6 5. O-O g6 6. c3 Bd7 7. d4 Bg7 8. Re1 h6
9. Be3 b5 10. Bb3 Nf6 11. dxe5 dxe5 12. Bc5 Bg4 13. Qe2 Nd7 14. Bd5 Qf6 15. Ba3
Rd8 16. Nbd2 Bf8 17. Bxf8 Kxf8 18. a4 Ne7 19. axb5 axb5 20. Qxb5 c6 21. Qa5 Rb8
22. Bc4 Kg7 23. Qa3 g5 24. b4 Ng6 25. Qb3 h5 26. Ra7 Rhd8 27. Re3 Nf4 28. Ne1
h4 29. Qa2 Bh5 30. Nf1 g4 31. Nd3 Qg5 32. g3 Nh3+ 33. Kg2 Bg6 34. Re1 Qf6 35.
Qe2 Qg5 36. Qe3 Qh5 37. f4 exf4 38. gxf4 Nb6 39. Ba6 Re8 40. Qd4+ Kg8 41. f5
Bxf5 42. exf5 Qxf5 43. Nd2 Nd5 44. Rxf7 Kxf7 45. Rf1 Nhf4+ 46. Kh1 Kg8 47. Nxf4
Ne3 48. Bd3 Qe5 49. Qxe5 Rxe5 50. Nc4 Nxc4 51. Bxc4+ Kg7 52. Ne6+ Kh8 53. Rf4
Rg8 54. Nd4 Rg6 55. Bd3 Rg8 56. Nxc6 Re3 57. Bc4 Rg6 58. b5 Rxc3 59. Ne5 Rg7
60. Rf8+ Kh7 61. Bd3+ Kh6 62. Rf6+ Kg5 63. Rc6 Rxc6 64. Nxc6 Kf4 65. b6 Rb7 66.
Nb4 Kf3 67. Nd5 g3 68. h3 g2+ 69. Kg1 Kg3 70. Bf5 Rf7 71. Ne3 Kf4 72. Bc8 Kxe3
73. b7 Rf1+ 74. Kxg2 Rf2+ 1/2-1/2